|
|
|
|
| LEADER |
04067nam a22004093i 4500 |
| 001 |
EBC7101230 |
| 003 |
MiAaPQ |
| 005 |
20240729202204.0 |
| 006 |
m o d | |
| 007 |
cr cnu|||||||| |
| 008 |
240729s2014 xx o ||||0 ger d |
| 020 |
|
|
|a 9783428572922
|q (electronic bk.)
|
| 020 |
|
|
|z 9783428172924
|
| 035 |
|
|
|a (MiAaPQ)EBC7101230
|
| 035 |
|
|
|a (Au-PeEL)EBL7101230
|
| 035 |
|
|
|a (OCoLC)1347029195
|
| 040 |
|
|
|a MiAaPQ
|b eng
|e rda
|e pn
|c MiAaPQ
|d MiAaPQ
|
| 100 |
1 |
|
|a Brentano, Lujo.
|
| 245 |
1 |
0 |
|a Arbeitseinstellungen und Fortbildung des Arbeitsvertrags :
|b Berichte Im Auftrage des Vereins Für Socialpolitik Hrsg. und Eingel. Von Lujo Brentano. (Schriften des Vereins Für Socialpolitik XLV).
|
| 250 |
|
|
|a 1st ed.
|
| 264 |
|
1 |
|a Berlin :
|b Duncker & Humblot,
|c 2014.
|
| 264 |
|
4 |
|c {copy}1890.
|
| 300 |
|
|
|a 1 online resource (550 pages)
|
| 336 |
|
|
|a text
|b txt
|2 rdacontent
|
| 337 |
|
|
|a computer
|b c
|2 rdamedia
|
| 338 |
|
|
|a online resource
|b cr
|2 rdacarrier
|
| 490 |
1 |
|
|a Duncker and Humblot Reprints Series
|
| 505 |
0 |
|
|a Intro -- Inhaltsverzeichnis. -- Uber Arbeitseinstellungen und Fortbildung des Arbeitsertrages. Von Dr. Lujo Brentano, Professor an der Universität Leipzig. -- I. -- II. -- III. -- IV. -- V. -- VI. -- VII. -- Die Ordnung des Arbeitsverhältnisses in den Kohlengruben von Northumberland und Durham. Von Emil Auerbach, Mitglied des staatswissenschaftlichen Seminars der Universität Leipzig. -- I. Die Entwicklung der Organisation der Grubenarbeiter. -- II. Die gegenwärtigen Organisationen der Arbeitgeber und Arbeiter. -- III. Das Schiedsgericht im Kohlengewerbe von Northumberland vom März 1875. -- IV. Die weiteren Schiedsgerichte in den northumbrischen Kohlenbergwerken. -- V. Die Schiedsgerichte in den Kohlenbergwerken der Grafschaft Durham. -- VI. Lohnskalen ohne Schiedsgerichte. -- VII. Die Entwicklung seit Aufhören der Lohnskalen. Negotiation. -- Anhang. -- I. Inhalt des englischen Bergwerkgesetzes von 1887. -- II. Bericht der Delegierten des northumbrischen Bergarbeitervereins über den internationalen Bergarbeiterkongreß zu Paris 1889. -- III. Bericht der Delegierten des northumbrischen Bergarbeitervereins über den internationalen Bergarbeiterkongreß zu Jolimont 1890. -- Das Schieds- und Einigungsverfahren in der Walzeisen- und Stahlindustrie Nordenglands. Von Dr. Walther Lotz, Privatdocent und Assistent am staatswissenfchaftlichen Seminar der Universität Leipzig. -- I. -- II. -- III. -- IV. -- V. -- VI. -- VII. -- Anhang. -- Die Organisation der Prinzipale und Gehülfen im deutschen Buchdruckgewerbe. Von Friedrich Bahn, Mitglied des staatswissenschaftlichen Seminars der Universität Leipzig. -- I. Das Postulat und seine Beseitigung. -- II. Die Zeit der absoluten Herrschaft der Innung und die Bewegung von 1848 zur Einführung eines nationalen Postulates. -- III. Die Entstehung eines nationalen Gehülfenverbandes.
|
| 505 |
8 |
|
|a IV. Die nationale Gegenorganisation der Prinzipale und die Aussperrung von 1873. -- V. Die beiderseitigen Organisationen der Prinzipale und Gehülfen. -- VI. Die Einführung und Wiederbeseitigung des Einigungsamtes. -- VII. Socialistengesetz und Arbeiterversicherungsgesetzgebung. -- VIII. Neue Tarife und neue Schieds- und Einigungskammern. -- IX. Die neuen Schiedsgerichte in Thätigkeit. -- X. Die gegenwärtige Lage. -- Anhang. -- Druckfehlerverzeichniß.
|
| 588 |
|
|
|a Description based on publisher supplied metadata and other sources.
|
| 590 |
|
|
|a Electronic reproduction. Ann Arbor, Michigan : ProQuest Ebook Central, 2024. Available via World Wide Web. Access may be limited to ProQuest Ebook Central affiliated libraries.
|
| 655 |
|
4 |
|a Electronic books.
|
| 700 |
1 |
|
|a Brentano, Lujo.
|
| 776 |
0 |
8 |
|i Print version:
|a Brentano, Lujo
|t Arbeitseinstellungen und Fortbildung des Arbeitsvertrags
|d Berlin : Duncker & Humblot,c2014
|z 9783428172924
|
| 797 |
2 |
|
|a ProQuest (Firm)
|
| 830 |
|
0 |
|a Duncker and Humblot Reprints Series
|
| 856 |
4 |
0 |
|u https://ebookcentral.proquest.com/lib/matrademy/detail.action?docID=7101230
|z Click to View
|